000
00309nam a2200133Ia 4500
008
200103s9999||||xx |||||||||||||| ||und||
040
_a
IMU-MPC
082
_a
Column-64
100
_a
Gavaskar, Sunil
245
0
_a
Sunny Days: An autobiography
260
_b
Rupa Company
_c
1991
300
_a
264
942
_c
BK
999
_c
11453
_d
11453